[Event "Schachfestival 2014 - Senioren"]
[Site "Woerishofen Bad"]
[Date "2014.03.27"]
[Round "7.12"]
[White "Young, Melvyn Jack"]
[Black "Lange, Manfred"]
[Result "1-0"]
[WhiteElo "1917"]
[BlackElo "2089"]
[PlyCount "135"]
[EventDate "2014.03.21"]
[EventType "swiss"]
[EventCountry "GER"]
[BlackTeam "SV Würzburg von 1865 e.V."]
[BlackTeamCountry "GER"]

1. e4 c5 2. d4 cxd4 3. c3 d3 4. Bxd3 d6 5. c4 Nc6 6. Nf3 Bg4 7. h3 Bh5 8. Be3
Nf6 9. Nc3 e6 10. Qb3 Bxf3 11. gxf3 Be7 12. Rg1 O-O 13. f4 Qc8 14. Rc1 Qd7 15.
Qd1 Rfd8 16. Qf3 Nb4 17. Bb1 Qc7 18. Qg3 Ne8 19. f5 Bf6 20. a3 Nc6 21. fxe6
fxe6 22. Qg4 Qf7 23. f4 Bd4 24. Bxd4 Nxd4 25. Rd1 Nf6 26. Qg2 e5 27. c5 Nh5 28.
Ba2 d5 29. Nxd5 Kh8 30. f5 Qf8 31. Qg4 Nc2+ 32. Kd2 Nf6 33. Qg2 Nd4 34. Ke3
Rac8 35. b4 Rd7 36. Nxf6 Qxf6 37. Be6 Qh6+ 38. Qg5 Qxh3+ 39. Qg3 Nc2+ 40. Kf2
Qxg3+ 41. Kxg3 Rxd1 42. Rxd1 Rb8 43. Rd5 Nxa3 44. Rxe5 Nc2 45. b5 Nb4 46. Bc4
h6 47. Kh4 a5 48. bxa6 bxa6 49. Re6 a5 50. c6 Rc8 51. c7 Kh7 52. Re7 Nc6 53. f6
Kg6 54. Rxg7+ Kxf6 55. Rh7 Kg6 56. Be6 Kxh7 57. Bxc8 Kg7 58. e5 Kf8 59. Bd7 Na7
60. c8=Q+ Nxc8 61. Bxc8 Ke7 62. Kg3 a4 63. Ba6 Ke6 64. Kf4 Kd5 65. Bb7+ Kc5 66.
Be4 h5 67. Bb1 h4 68. Ba2 1-0

[Event "Schachfestival 2014 - Senioren"]
[Site "Woerishofen Bad"]
[Date "2014.03.27"]
[Round "7.55"]
[White "Westermayer, Johann"]
[Black "Dittmann, Heinz"]
[Result "1/2-1/2"]
[WhiteElo "1643"]
[BlackElo "1564"]
[PlyCount "25"]
[EventDate "2014.03.21"]
[EventType "swiss"]
[EventCountry "GER"]
[BlackTeam "Schachgemeinschaft Nettetal 1929"]
[BlackTeamCountry "GER"]

1. d4 Nf6 2. c4 g6 3. Nf3 Bg7 4. Nc3 O-O 5. e4 d6 6. g3 c6 7. Bg2 Nbd7 8. h3 e5
9. O-O b6 10. Re1 Bb7 11. Rb1 Rc8 12. b3 Re8 13. Bb2 1/2-1/2

[Event "Schachfestival 2014 - Senioren"]
[Site "Woerishofen Bad"]
[Date "2014.03.27"]
[Round "7.21"]
[White "Blutharsch, Walter"]
[Black "Di Lazzaro, Gabriele"]
[Result "0-1"]
[WhiteElo "1882"]
[BlackElo "1936"]
[PlyCount "40"]
[EventDate "2014.03.21"]
[EventType "swiss"]
[EventCountry "GER"]
[WhiteTeam "VfL Sindelfingen"]
[WhiteTeamCountry "GER"]

1. e4 d5 2. exd5 Nf6 3. c4 c6 4. dxc6 Nxc6 5. Nf3 e5 6. d3 e4 7. dxe4 Qxd1+ 8.
Kxd1 Nxe4 9. Be3 Be6 10. a3 Be7 11. Nbd2 Rd8 12. Ke1 Nxd2 13. Nxd2 Bf6 14. Ra2
Nd4 15. b3 Bf5 16. Be2 O-O 17. h3 Rfe8 18. g4 Nc2+ 19. Rxc2 Bxc2 20. Kf1 Rxe3
0-1

[Event "Schachfestival 2014 - Senioren"]
[Site "Woerishofen Bad"]
[Date "2014.03.27"]
[Round "7.38"]
[White "Krase, Peter Axel"]
[Black "Wawrinsky, Ludwig"]
[Result "0-1"]
[WhiteElo "1927"]
[BlackElo "1817"]
[PlyCount "120"]
[EventDate "2014.03.21"]
[EventType "swiss"]
[EventCountry "GER"]
[WhiteTeam "TSV Kareth-Lappersdorf"]
[BlackTeam "1.Schachklub Neuperlach e.V."]
[WhiteTeamCountry "GER"]
[BlackTeamCountry "GER"]

1. e4 e6 2. d4 b6 3. Nc3 Bb4 4. Nf3 Bb7 5. Bd3 Bxc3+ 6. bxc3 d6 7. O-O Nd7 8.
Re1 e5 9. Qe2 Ngf6 10. a4 a5 11. Rb1 O-O 12. Bg5 Re8 13. Bh4 Qc8 14. d5 h6 15.
h3 Nh5 16. Bg3 Nxg3 17. fxg3 Nc5 18. Bb5 Rf8 19. Nh4 Qd8 20. Nf5 Bc8 21. Rf1
Kh7 22. Rbc1 Bxf5 23. Rxf5 g6 24. Rf2 Qg5 25. Kh2 h5 26. Rcf1 Kg7 27. h4 Qe7
28. Qe3 Rad8 29. Qf3 f5 30. exf5 Rxf5 31. Qe3 Rxf2 32. Rxf2 Rf8 33. Re2 Qf7 34.
Kg1 Qf5 35. Kh2 Qg4 36. Rf2 Rxf2 37. Qxf2 Ne4 38. Qe3 Nc5 39. Qf2 Qf5 40. Qe2
e4 41. Qe3 Qxd5 42. c4 Qe5 43. Bc6 Qe6 44. Bd5 Qe8 45. Qd4+ Kh7 46. Qf6 Nd7 47.
Qf4 Nc5 48. Qf6 Qe5 49. Qf4 Qg7 50. Qe3 Nd7 51. Qxe4 Ne5 52. Qf4 Ng4+ 53. Kh3
Qf6 54. Qf3 Kg7 55. Qf4 Qf5 56. Qxf5 gxf5 57. Bf3 Kf6 58. Bxg4 fxg4+ 59. Kh2
Ke5 60. c3 Ke4 0-1

[Event "Schachfestival 2014 - Senioren"]
[Site "Woerishofen Bad"]
[Date "2014.03.27"]
[Round "7.27"]
[White "Klempt, Guenter"]
[Black "Blosze, Winfried"]
[Result "1-0"]
[WhiteElo "2052"]
[BlackElo "1857"]
[PlyCount "63"]
[EventDate "2014.03.21"]
[EventType "swiss"]
[EventCountry "GER"]
[WhiteTeam "Bochumer Schachverein 02"]
[BlackTeam "SV Königsspringer 1929 Grossauheim"]
[WhiteTeamCountry "GER"]
[BlackTeamCountry "GER"]

1. c4 Nf6 2. Nc3 d5 3. cxd5 Nxd5 4. g3 c6 5. Bg2 g6 6. Nf3 Bg7 7. O-O O-O 8. e4
Nb4 9. d4 Qa5 10. a3 N4a6 11. Be3 Nd7 12. b4 Qh5 13. Rc1 Nb6 14. Ne2 Qb5 15.
Qc2 Be6 16. Nc3 Qh5 17. Ng5 Nc4 18. Bf4 Nxa3 19. Qd2 Nc4 20. Qa2 Nxb4 21. Qb3
Nd3 22. Nxe6 fxe6 23. Qxc4 Nxc1 24. Qxe6+ Kh8 25. Rxc1 Bxd4 26. Qxe7 Rae8 27.
Qxb7 g5 28. Be3 Bxe3 29. fxe3 Qh6 30. Qxa7 Qf6 31. Qd4 Re5 32. Rf1 1-0

[Event "Schachfestival 2014 - Senioren"]
[Site "Woerishofen Bad"]
[Date "2014.03.27"]
[Round "7.52"]
[White "Bartlitz, Heinz"]
[Black "Buss, Richard"]
[Result "1-0"]
[WhiteElo "1750"]
[BlackElo "1628"]
[PlyCount "99"]
[EventDate "2014.03.21"]
[EventType "swiss"]
[EventCountry "GER"]
[WhiteTeam "Bramfelder SK 1947 e.V."]
[BlackTeam "VfR Heisfelde e.V."]
[WhiteTeamCountry "GER"]
[BlackTeamCountry "GER"]

1. f4 d5 2. Nf3 Nc6 3. g3 Bg4 4. Bg2 f6 5. O-O g6 6. c3 Bg7 7. d4 Bxf3 8. Bxf3
e6 9. Nd2 Nge7 10. e4 dxe4 11. Bxe4 O-O 12. Qb3 Kf7 13. Qxb7 Rb8 14. Qa6 Rb6
15. Qa4 f5 16. Bg2 Qc8 17. Nc4 Ra6 18. Qb3 Rd8 19. Bd2 Na5 20. Nxa5 Rxa5 21.
Qd1 Ra6 22. Qb3 Rb6 23. Qc2 Nd5 24. b3 Qa6 25. Bxd5 Rxd5 26. Rfe1 Rc6 27. Qb2
Qd3 28. Re3 Qa6 29. Qb1 Rdd6 30. Qf1 Qb6 31. Kg2 h5 32. h3 Bf6 33. Qf3 Qa6 34.
g4 hxg4 35. hxg4 Qc8 36. Rh1 Qg8 37. g5 Bg7 38. Rd3 Rb6 39. Be3 Ra6 40. a4 e5
41. fxe5 Bxe5 42. Bf4 Bxf4 43. Qxf4 Rac6 44. c4 Qg7 45. Rh6 Rd7 46. Qh4 Rd8 47.
Rh7 Rg8 48. Rxg7+ Rxg7 49. d5 Rd6 50. Qd4 1-0

[Event "Schachfestival 2014 - Senioren"]
[Site "Woerishofen Bad"]
[Date "2014.03.27"]
[Round "7.47"]
[White "Hommann, Horst"]
[Black "Mircoli, Filippo"]
[Result "1/2-1/2"]
[WhiteElo "1843"]
[BlackElo "1674"]
[PlyCount "44"]
[EventDate "2014.03.21"]
[EventType "swiss"]
[EventCountry "GER"]
[WhiteTeam "WSG Halle-Neustadt"]
[BlackTeam "Castelfidardo"]
[WhiteTeamCountry "GER"]
[BlackTeamCountry "ITA"]

1. c4 c5 2. Nc3 Nf6 3. Nf3 g6 4. g3 Bg7 5. Bg2 O-O 6. O-O e6 7. e3 d6 8. d4
Nbd7 9. Qc2 Rb8 10. a4 b6 11. Nb5 d5 12. Nxa7 Bb7 13. Ne5 Nxe5 14. dxe5 Ne8 15.
b3 Bxe5 16. Bb2 Qf6 17. Bxe5 Qxe5 18. Rad1 Nf6 19. Rfe1 dxc4 20. Qxc4 Bxg2 21.
Kxg2 Qc7 22. Nb5 Qc6+ 1/2-1/2

[Event "Schachfestival 2014 - Senioren"]
[Site "Woerishofen Bad"]
[Date "2014.03.27"]
[Round "7.51"]
[White "Thiel, Harry"]
[Black "Collins, Alan"]
[Result "1-0"]
[WhiteElo "1752"]
[BlackElo "1732"]
[PlyCount "105"]
[EventDate "2014.03.21"]
[EventType "swiss"]
[EventCountry "GER"]
[WhiteTeam "Schachpinguine Berlin e.V."]
[BlackTeam "Cowley"]
[WhiteTeamCountry "GER"]
[BlackTeamCountry "ENG"]

1. e4 d6 2. d4 Nf6 3. Nc3 c6 4. Nf3 Bg4 5. Be2 e6 6. Bg5 Be7 7. Qd2 d5 8. Bxf6
Bxf6 9. e5 Be7 10. h3 Bxf3 11. Bxf3 O-O 12. O-O c5 13. Ne2 Nc6 14. c3 Rc8 15.
b3 Bg5 16. Qb2 cxd4 17. cxd4 Qb6 18. Rab1 Nb4 19. Rfd1 Rc2 20. Qa1 Rxa2 21. Qc3
Rc2 22. Qe1 Rfc8 23. Nc1 Bxc1 24. Rbxc1 Rxc1 25. Rxc1 Nc6 26. Qc3 g6 27. Qe3
Rb8 28. h4 Qxd4 29. Qh6 Qxe5 30. h5 Qg7 31. Qf4 Rc8 32. b4 e5 33. Qd2 e4 34.
Bg4 Rd8 35. h6 Qf6 36. b5 Ne5 37. Bh3 g5 38. Rc8 Rxc8 39. Bxc8 Nd3 40. Qe3 b6
41. f3 Nc5 42. Bg4 Qxh6 43. g3 Qf6 44. f4 gxf4 45. gxf4 d4 46. Qg3 d3 47. f5 h6
48. Kh2 Kh7 49. Kh3 Nd7 50. Qc7 Qd4 51. f6 d2 52. Bf5+ Kg8 53. Qd8+ 1-0

[Event "Schachfestival 2014 - Senioren"]
[Site "Woerishofen Bad"]
[Date "2014.03.27"]
[Round "7.15"]
[White "Koenigl, Anton"]
[Black "Johnsen, Oystein"]
[Result "0-1"]
[WhiteElo "1917"]
[BlackElo "2048"]
[PlyCount "78"]
[EventDate "2014.03.21"]
[EventType "swiss"]
[EventCountry "GER"]
[WhiteTeam "FC Ergolding 1932 e.V."]
[BlackTeam "Tönsberg"]
[WhiteTeamCountry "GER"]
[BlackTeamCountry "NOR"]

1. d4 f5 2. g3 Nf6 3. Bg2 c6 4. Nf3 g6 5. O-O Bg7 6. c3 O-O 7. Bf4 d6 8. Qc1
Qe8 9. Bh6 e5 10. Bxg7 Kxg7 11. dxe5 dxe5 12. Qd1 Qe7 13. Qc2 Nbd7 14. Nbd2 e4
15. Nd4 Ne5 16. N2b3 c5 17. Nb5 a6 18. Na3 Be6 19. Rad1 Rac8 20. Nc1 b5 21. Qd2
Rfd8 22. Qf4 Nfg4 23. Nb3 e3 24. Nxc5 Qxc5 25. h3 exf2+ 26. Kh1 Rxd1 27. Rxd1
Ne3 28. Rd4 f1=Q+ 29. Bxf1 Nxf1 30. Qxf1 Bd5+ 31. Kh2 Be4 32. Qd1 Rc7 33. Qd2
Nc6 34. Rd7+ Rxd7 35. Qxd7+ Ne7 36. e3 Kf7 37. Qd2 Qd5 38. Qxd5+ Nxd5 39. c4 b4
0-1

[Event "Schachfestival 2014 - Senioren"]
[Site "Woerishofen Bad"]
[Date "2014.03.27"]
[Round "7.4"]
[White "Daeubler, Heinrich"]
[Black "Hein, Manfred"]
[Result "1/2-1/2"]
[WhiteElo "2169"]
[BlackElo "2064"]
[PlyCount "57"]
[EventDate "2014.03.21"]
[EventType "swiss"]
[EventCountry "GER"]
[WhiteTeam "Schachclub Haselmuehl"]
[BlackTeam "FC Gunzenhausen 1910 e.V"]
[WhiteTeamCountry "GER"]
[BlackTeamCountry "GER"]

1. Nf3 d5 2. d4 Nf6 3. g3 c6 4. Bg2 h6 5. O-O Bf5 6. c4 e6 7. Nc3 Be7 8. Qb3
Qb6 9. c5 Qxb3 10. axb3 Na6 11. Bf4 Bc2 12. Rfc1 Bh7 13. Ra4 Nd7 14. g4 g5 15.
Bg3 f5 16. gxf5 exf5 17. e3 Ndxc5 18. dxc5 Nxc5 19. Ra2 Nxb3 20. Rd1 Nc5 21.
Na4 Nxa4 22. Rxa4 f4 23. exf4 Bc2 24. Re1 Bxa4 25. fxg5 Bc2 26. Nd4 Bg6 27. Bd6
Rh7 28. gxh6 Kd7 29. Bf4 1/2-1/2

[Event "Schachfestival 2014 - Senioren"]
[Site "Woerishofen Bad"]
[Date "2014.03.27"]
[Round "7.31"]
[White "Schuler, Georg"]
[Black "Gulinelli, Euro"]
[Result "1-0"]
[WhiteElo "1888"]
[BlackElo "1579"]
[PlyCount "65"]
[EventDate "2014.03.21"]
[EventType "swiss"]
[EventCountry "GER"]
[WhiteTeam "SV Balingen"]
[BlackTeam "Faenza"]
[WhiteTeamCountry "GER"]
[BlackTeamCountry "ITA"]

1. c4 e6 2. d4 d5 3. Nf3 Nf6 4. Nc3 Be7 5. Bf4 c6 6. Qa4 Nbd7 7. e3 O-O 8. Qb3
Qb6 9. c5 Qxb3 10. axb3 b6 11. b4 bxc5 12. bxc5 a5 13. b4 Ba6 14. Bxa6 Rxa6 15.
b5 cxb5 16. Nxb5 Rc8 17. O-O Ne4 18. Rfc1 e5 19. Nxe5 Nxe5 20. Bxe5 Nd2 21. Ra2
Nc4 22. Bg3 g5 23. Nc7 Rxc7 24. Bxc7 f5 25. Rca1 f4 26. exf4 gxf4 27. Bxa5 Rg6
28. Bc7 f3 29. g3 Bf6 30. Be5 Bxe5 31. dxe5 Nxe5 32. Re1 Nd3 33. Re7 1-0

[Event "Schachfestival 2014 - Senioren"]
[Site "Woerishofen Bad"]
[Date "2014.03.27"]
[Round "7.3"]
[White "Goy, Udo"]
[Black "Minz, Michail"]
[Result "1-0"]
[WhiteElo "2178"]
[BlackElo "2108"]
[PlyCount "67"]
[EventDate "2014.03.21"]
[EventType "swiss"]
[EventCountry "GER"]
[WhiteTeam "Ford-Schachfreunde Köln e.V."]
[BlackTeam "SK Gau-Algesheim"]
[WhiteTeamCountry "GER"]
[BlackTeamCountry "GER"]

1. d4 d5 2. Nf3 Nf6 3. c4 c6 4. e3 g6 5. Nc3 Bg7 6. Bd3 O-O 7. O-O Bg4 8. h3
Bxf3 9. Qxf3 e6 10. Rd1 dxc4 11. Bxc4 Nd5 12. Qe2 Nb6 13. Bb3 Qe7 14. e4 N8d7
15. Be3 c5 16. d5 exd5 17. exd5 Bxc3 18. bxc3 Rac8 19. Qd2 c4 20. Bc2 f5 21. a4
Qf7 22. Bh6 Rfe8 23. a5 Na8 24. Ba4 Red8 25. d6 Rc5 26. Bg5 Rb8 27. Be7 b5 28.
Bc2 Rbc8 29. Re1 Re8 30. Rad1 a6 31. Qf4 Nc7 32. dxc7 Rxe7 33. Qd6 Rxe1+ 34.
Rxe1 1-0

[Event "Schachfestival 2014 - Senioren"]
[Site "Woerishofen Bad"]
[Date "2014.03.27"]
[Round "7.53"]
[White "Girod, Gudrun"]
[Black "Stratmann, Dietrich"]
[Result "1/2-1/2"]
[WhiteElo "1565"]
[BlackElo "1697"]
[PlyCount "46"]
[EventDate "2014.03.21"]
[EventType "swiss"]
[EventCountry "GER"]
[WhiteTeam "Hannover 96"]
[BlackTeam "SC Schwarz-Weiss Northeim"]
[WhiteTeamCountry "GER"]
[BlackTeamCountry "GER"]

1. d4 Nf6 2. Bf4 e6 3. e3 d5 4. Nf3 Bd6 5. Bxd6 Qxd6 6. Nbd2 O-O 7. Be2 b6 8.
O-O Bb7 9. c4 Nbd7 10. b3 c5 11. Rc1 Ne4 12. Nxe4 dxe4 13. Ne1 Nf6 14. f3 exf3
15. Bxf3 Be4 16. dxc5 Qxd1 17. Rxd1 bxc5 18. Bxe4 Nxe4 19. Rd7 f5 20. Nf3 Rf7
21. Rfd1 Nf6 22. Rxf7 Kxf7 23. Ne5+ Ke8 1/2-1/2

[Event "Schachfestival 2014 - Senioren"]
[Site "Woerishofen Bad"]
[Date "2014.03.27"]
[Round "7.33"]
[White "Taufratshofer, Martin"]
[Black "Maes, Valeer"]
[Result "1/2-1/2"]
[WhiteElo "1990"]
[BlackElo "2165"]
[PlyCount "39"]
[EventDate "2014.03.21"]
[EventType "swiss"]
[EventCountry "GER"]
[WhiteTeam "SK Obergünzburg"]
[BlackTeam "KSK 47 Eynatten"]
[WhiteTeamCountry "GER"]
[BlackTeamCountry "BEL"]

1. e4 e6 2. d4 d5 3. Nc3 Be7 4. e5 b6 5. Qg4 g6 6. Nf3 Qd7 7. h4 h5 8. Qf4 Nh6
9. Ng5 Ba6 10. Rh3 Bxf1 11. Kxf1 Nc6 12. Ne2 O-O-O 13. a4 Rdf8 14. Qd2 a5 15.
c3 Kb7 16. Rb1 Ra8 17. Rf3 Nd8 18. b3 Nf5 19. g3 Qc6 20. Qd3 1/2-1/2

[Event "Schachfestival 2014 - Senioren"]
[Site "Woerishofen Bad"]
[Date "2014.03.27"]
[Round "7.16"]
[White "Eichler, Gottfried"]
[Black "Mahrla, Hans"]
[Result "1-0"]
[WhiteElo "2030"]
[BlackElo "1842"]
[PlyCount "55"]
[EventDate "2014.03.21"]
[EventType "swiss"]
[EventCountry "GER"]
[WhiteTeam "MTV Dannenberg"]
[BlackTeam "SC Eichenau"]
[WhiteTeamCountry "GER"]
[BlackTeamCountry "GER"]

1. d4 Nf6 2. Nf3 d5 3. e3 e6 4. Bd3 c5 5. c3 Nc6 6. Nbd2 a6 7. O-O cxd4 8. exd4
Bd6 9. Qe2 O-O 10. Ne5 Bc7 11. f4 Nxe5 12. fxe5 Nd7 13. Qh5 g6 14. Qh6 f5 15.
Nf3 Qe7 16. Bg5 Qe8 17. Rae1 Bd8 18. Re3 Rf7 19. Bxd8 Qxd8 20. Ng5 Re7 21. Nxh7
Rxh7 22. Qxg6+ Kh8 23. Rg3 b5 24. Qxe6 Nb6 25. Qg6 Raa7 26. Bxf5 Bxf5 27. Rxf5
Rag7 28. Qxb6 1-0

[Event "Schachfestival 2014 - Senioren"]
[Site "Woerishofen Bad"]
[Date "2014.03.27"]
[Round "7.39"]
[White "Meinke, Dietlind"]
[Black "Wolfram, Gisbert"]
[Result "1/2-1/2"]
[WhiteElo "1925"]
[BlackElo "1803"]
[PlyCount "124"]
[EventDate "2014.03.21"]
[EventType "swiss"]
[EventCountry "GER"]
[WhiteTeam "MTV Leck von 1889"]
[BlackTeam "SU Ebersberg-Grafing"]
[WhiteTeamCountry "GER"]
[BlackTeamCountry "GER"]

1. e4 c6 2. d4 d5 3. Nc3 dxe4 4. Nxe4 Nd7 5. Ng5 Ngf6 6. Bc4 e6 7. Qe2 Nb6 8.
Bb3 h6 9. N5f3 Bd6 10. Ne5 O-O 11. Ngf3 Qc7 12. O-O c5 13. dxc5 Bxc5 14. Bd2
Qe7 15. Rad1 Nbd7 16. Rfe1 Nxe5 17. Nxe5 b6 18. c4 Bb7 19. Bc2 Rad8 20. Bc3
Rxd1 21. Rxd1 Rd8 22. a3 Rxd1+ 23. Qxd1 a5 24. h3 Ne4 25. Bxe4 Bxe4 26. Qg4 Bf5
27. Qd1 Qh4 28. Qe2 Qg5 29. Bd2 Qd8 30. Bc3 f6 31. Nf3 e5 32. Nd2 Qd3 33. Qxd3
Bxd3 34. g4 Kf7 35. Kg2 e4 36. b4 axb4 37. axb4 Bd6 38. b5 Ke6 39. Bd4 Bb4 40.
Nf1 Ba5 41. Ne3 Kd6 42. Nf5+ Kc7 43. Nxg7 Bxc4 44. Bxf6 Bxb5 45. Be5+ Kd7 46.
Bf4 Bc6 47. Kg3 b5 48. Bxh6 Bc7+ 49. Kh4 Be5 50. Nf5 b4 51. Ne3 b3 52. Nc4 Bd4
53. Be3 Bc3 54. Bc1 Ke6 55. Kg5 Bd5 56. Nb2 Bd4 57. Nd1 Bc4 58. Kf4 Bd3 59. Kg3
Be2 60. Nb2 Be5+ 61. Kh4 Bf6+ 62. Kg3 Be5+ 1/2-1/2

[Event "Schachfestival 2014 - Senioren"]
[Site "Woerishofen Bad"]
[Date "2014.03.27"]
[Round "7.40"]
[White "Krotofil, Kurt"]
[Black "Flockerzi, Armin"]
[Result "1-0"]
[WhiteElo "1914"]
[BlackElo "1815"]
[PlyCount "85"]
[EventDate "2014.03.21"]
[EventType "swiss"]
[EventCountry "GER"]
[WhiteTeam "Niendorfer TSV 1919 SAbt"]
[BlackTeam "VfR-SC Koblenz"]
[WhiteTeamCountry "GER"]
[BlackTeamCountry "GER"]

1. d4 d5 2. c4 c6 3. Nf3 Nf6 4. Nc3 e6 5. e3 b6 6. cxd5 cxd5 7. Bd3 Be7 8. O-O
O-O 9. Qe2 Bb7 10. Ne5 Nbd7 11. f4 g6 12. Qf3 Kg7 13. g4 h6 14. Bd2 a6 15. a4
Rb8 16. Rac1 Rc8 17. h3 Qe8 18. g5 hxg5 19. fxg5 Nh5 20. Nxd7 Qxd7 21. h4 Bd6
22. Qh3 Bb4 23. Bc2 a5 24. Bd3 Bxc3 25. Bxc3 Qxa4 26. Be2 Qe8 27. Bxh5 gxh5 28.
Qf3 Rh8 29. Qf6+ Kg8 30. Rf2 Rh7 31. Rcf1 Rc7 32. Kh2 Qe7 33. Qe5 Rg7 34. Rf6
Rc8 35. Rh6 Rh7 36. Rxh7 Kxh7 37. Rf6 Kg8 38. Rh6 f6 39. gxf6 Qc7 40. f7+ Kf8
41. Rh8+ Kxf7 42. Qxc7+ Rxc7 43. Rh7+ 1-0

[Event "Schachfestival 2014 - Senioren"]
[Site "Woerishofen Bad"]
[Date "2014.03.27"]
[Round "7.5"]
[White "Ofstad, Per"]
[Black "Engbrecht, Helmut"]
[Result "1-0"]
[WhiteElo "2164"]
[BlackElo "2037"]
[PlyCount "65"]
[EventDate "2014.03.21"]
[EventType "swiss"]
[EventCountry "GER"]
[WhiteTeam "Oslo Schakselskap"]
[BlackTeam "SV Schorndorf"]
[WhiteTeamCountry "NOR"]
[BlackTeamCountry "GER"]

1. e4 Nc6 2. d4 d5 3. e5 f6 4. f4 Bf5 5. Nf3 e6 6. c3 Be7 7. Be2 Be4 8. O-O f5
9. Be3 Nh6 10. Nbd2 Ng4 11. Bf2 O-O 12. h3 Nxf2 13. Rxf2 h6 14. g3 g5 15. Nh2
Rf7 16. Nxe4 fxe4 17. Bh5 Rg7 18. f5 exf5 19. Rxf5 Qd7 20. Ng4 Rh7 21. Bg6 Rh8
22. Ne3 Rf8 23. Rxf8+ Bxf8 24. Bf5 Qf7 25. Qg4 Nd8 26. Rf1 c6 27. Bxe4 Qe6 28.
Bf5 Qe7 29. Bg6 Bg7 30. Qc8 Bxe5 31. dxe5 Qxe5 32. Qxd8+ Kg7 33. Qd7+ 1-0

[Event "Schachfestival 2014 - Senioren"]
[Site "Woerishofen Bad"]
[Date "2014.03.27"]
[Round "7.24"]
[White "Reinke, Kurt"]
[Black "Jaeger, Erich"]
[Result "1-0"]
[WhiteElo "1884"]
[BlackElo "1963"]
[PlyCount "45"]
[EventDate "2014.03.21"]
[EventType "swiss"]
[EventCountry "GER"]
[WhiteTeam "SG Benrath"]
[BlackTeam "PTSV Neustadt"]
[WhiteTeamCountry "GER"]
[BlackTeamCountry "GER"]

1. d4 d6 2. Nf3 g6 3. c4 Bg7 4. Nc3 Nf6 5. h3 O-O 6. e4 c6 7. Bd3 Qc7 8. Bf4
Re8 9. c5 Qd8 10. cxd6 exd6 11. O-O Na6 12. Qb3 Nc7 13. Rad1 d5 14. e5 Nd7 15.
Bg5 f6 16. Bh4 g5 17. exf6 Bxf6 18. Bg3 Ne6 19. Qc2 Ndf8 20. Ne5 Nf4 21. Bxf4
gxf4 22. Bxh7+ Nxh7 23. Qg6+ 1-0

[Event "Schachfestival 2014 - Senioren"]
[Site "Woerishofen Bad"]
[Date "2014.03.27"]
[Round "7.28"]
[White "Paulsen, Eckart"]
[Black "Smits, Oswald"]
[Result "1/2-1/2"]
[WhiteElo "1856"]
[BlackElo "1925"]
[PlyCount "81"]
[EventDate "2014.03.21"]
[EventType "swiss"]
[EventCountry "GER"]
[WhiteTeam "Post SV Neustadt"]
[BlackTeam "Sfr. Taunus Königstein/Schwalbach"]
[WhiteTeamCountry "GER"]
[BlackTeamCountry "GER"]

1. d4 d5 2. Bf4 Nf6 3. e3 e6 4. Nd2 Bd6 5. Bg3 O-O 6. Ngf3 b6 7. Bd3 Bb7 8. c3
c5 9. Ne5 Nc6 10. Ndf3 h6 11. O-O Qc7 12. Nxc6 Bxg3 13. Nce5 Bxe5 14. Nxe5 Nd7
15. f4 Nxe5 16. fxe5 Qe7 17. Qg4 a5 18. Rf3 Ba6 19. Bxa6 Rxa6 20. Raf1 Ra7 21.
Rg3 f5 22. Qg6 Kh8 23. Rff3 Qf7 24. h4 Qxg6 25. Rxg6 Re7 26. a4 Rb8 27. Rf2 Kg8
28. dxc5 bxc5 29. g4 fxg4 30. Rxg4 c4 31. h5 Rbb7 32. Rg6 Rb6 33. Rgg2 Rf7 34.
Kh2 Rbb7 35. Kh3 Rxf2 36. Rxf2 Rf7 37. Rf4 Rb7 38. Rf2 Kh7 39. Kg4 Re7 40. Rf3
Kg8 41. Rf2 1/2-1/2

[Event "Schachfestival 2014 - Senioren"]
[Site "Woerishofen Bad"]
[Date "2014.03.27"]
[Round "7.49"]
[White "Rothenhagen, Siegfried"]
[Black "Bretscher, Robert"]
[Result "1-0"]
[WhiteElo "1816"]
[BlackElo "1631"]
[PlyCount "99"]
[EventDate "2014.03.21"]
[EventType "swiss"]
[EventCountry "GER"]
[WhiteTeam "SC Ammersee"]
[BlackTeam "Roche Basel"]
[WhiteTeamCountry "GER"]
[BlackTeamCountry "SUI"]

1. d4 Nf6 2. Nf3 d5 3. Bf4 Bf5 4. h3 c6 5. e3 e6 6. Bd3 Bg6 7. O-O Nbd7 8. c3
Ne4 9. Ne5 Nxe5 10. Bxe5 Nf6 11. Qc2 Bxd3 12. Qxd3 Bd6 13. Bxd6 Qxd6 14. Nd2
O-O 15. e4 dxe4 16. Nxe4 Nxe4 17. Qxe4 Rfe8 18. Rae1 Qd5 19. a3 Rad8 20. f4
Qxe4 21. Rxe4 Kf8 22. Rfe1 g6 23. Kf2 Rd7 24. Re5 Rd5 25. Kf3 Red8 26. g4 Rxe5
27. fxe5 Ke7 28. g5 Rh8 29. Re4 h5 30. h4 Rc8 31. b4 a5 32. Re2 Kd7 33. bxa5
Ra8 34. Rb2 Kc7 35. Ke4 Rf8 36. c4 Rd8 37. Rf2 Rd7 38. Rd2 Kb8 39. d5 cxd5+ 40.
cxd5 exd5+ 41. Rxd5 Re7 42. Kd4 Ka7 43. Rd6 Kb8 44. Kd5 Kc7 45. e6 fxe6+ 46.
Rxe6 Rg7 47. Ke5 Kd7 48. Kf6 Rg8 49. Re7+ Kd6 50. Rxb7 1-0

[Event "Schachfestival 2014 - Senioren"]
[Site "Woerishofen Bad"]
[Date "2014.03.27"]
[Round "7.11"]
[White "Schmidt, Eugen"]
[Black "Harsch, Martin"]
[Result "1/2-1/2"]
[WhiteElo "1958"]
[BlackElo "2013"]
[PlyCount "59"]
[EventDate "2014.03.21"]
[EventType "swiss"]
[EventCountry "GER"]
[WhiteTeam "SF Oos e.V."]
[BlackTeam "Roche Basel"]
[WhiteTeamCountry "GER"]
[BlackTeamCountry "SUI"]

1. e4 c6 2. d4 d5 3. exd5 cxd5 4. c4 Nf6 5. Nc3 Nc6 6. Nf3 Bg4 7. cxd5 Nxd5 8.
Qb3 Bxf3 9. gxf3 e6 10. Qxb7 Nxd4 11. Bb5+ Nxb5 12. Qc6+ Ke7 13. Qxb5 Qd7 14.
Nxd5+ Qxd5 15. Qxd5 exd5 16. O-O Rd8 17. Re1+ Kf6 18. Be3 d4 19. Rad1 Bc5 20.
Bf4 Rhe8 21. a3 Kf5 22. Bc7 Rc8 23. Ba5 a6 24. Kf1 f6 25. Rxe8 Rxe8 26. Rc1 Bd6
27. Rc4 Be5 28. Bd2 Rd8 29. Rc5 Ke6 30. f4 1/2-1/2

[Event "Schachfestival 2014 - Senioren"]
[Site "Woerishofen Bad"]
[Date "2014.03.27"]
[Round "7.32"]
[White "Storkebaum, Karl Heinrich"]
[Black "Fels, Karl Heinz"]
[Result "1-0"]
[WhiteElo "1959"]
[BlackElo "1882"]
[PlyCount "103"]
[EventDate "2014.03.21"]
[EventType "swiss"]
[EventCountry "GER"]
[WhiteTeam "SAbt TEC Darmstadt"]
[BlackTeam "Stuttgarter SF 1879"]
[WhiteTeamCountry "GER"]
[BlackTeamCountry "GER"]

1. d4 Nf6 2. c4 e6 3. Nc3 Bb4 4. e3 c5 5. Bd3 O-O 6. Qc2 d5 7. Nf3 h6 8. O-O
cxd4 9. exd4 Nc6 10. a3 Bxc3 11. bxc3 dxc4 12. Bxc4 Na5 13. Bd3 b6 14. Be3 Bb7
15. Qe2 Rc8 16. Bd2 Nb3 17. Rad1 Nxd2 18. Qxd2 Bxf3 19. gxf3 Qd5 20. Qe3 Kh8
21. c4 Qa5 22. Be2 Rfd8 23. Rb1 a6 24. Rfd1 Rc6 25. Rbc1 Rcd6 26. c5 bxc5 27.
Rxc5 Qb6 28. Qc3 Nd5 29. Qc1 g5 30. Bf1 Nf4 31. Rc7 Kg7 32. Rc4 e5 33. d5 Nxd5
34. Qc2 Nf4 35. Rxd6 Rxd6 36. Re4 f6 37. Rb4 Qc6 38. Rc4 Qd5 39. Rc7+ Rd7 40.
Rxd7+ Qxd7 41. Bxa6 Ne6 42. Bc8 Qd6 43. Bxe6 Qxe6 44. a4 Qd5 45. Qe4 Qa5 46. h3
Qd2 47. Kg2 h5 48. Qc6 h4 49. Qc7+ Kg6 50. a5 Qd3 51. Qc6 g4 52. Qe4+ 1-0